[Event "Tournament 14472 - Europe Echecs"]
[Site "Europe Echecs"]
[Date "2020.07.10"]
[Round "1"]
[Time "14:05:03"]
[PlyCount "69"]
[White "FonluptEsteban"]
[Black "MathieuPhileas"]
[WhiteElo "1436"]
[BlackElo "2214"]
[Mode "WEB"]
[Result "0-1"]

1. e4 c5 2. Nc3 Nc6 3. f4 g6 4. Nf3 Bg7 5. Bc4 e6 6. d3 Nge7 7. O-O O-O 8. Qe1
d5 9. Bb3 Rb8 10. Qg3 b5 11. a4 c4 12. dxc4 dxc4 13. axb5 cxb3 14. bxc6 Nxc6 15.
cxb3 Rxb3 16. Rd1 Qb6+ 17. Kh1 Bb7 18. f5 exf5 19. exf5 Qc5 20. Bf4 Qxf5 21. Nd5
Rxb2 22. Rxa7 Kh8 23. Raa1 Rb5 24. Ne3 Qe4 25. Rac1 Rb3 26. Rc4 Qe6 27. Ng5 Qf6
28. Rcc1 Nd4 29. Re1 h6 30. Nf3 Nxf3 31. Qxf3 Bxf3 32. gxf3 Qxf4 33. Ng2 Qxf3
34. Rf1 Qa8 {FonluptEsteban a abandonné} 0-1

[Event "Tournament 14472 - Europe Echecs"]
[Site "Europe Echecs"]
[Date "2020.07.10"]
[Round "1"]
[Time "14:05:03"]
[PlyCount "56"]
[White "KuhnClement"]
[Black "JamaliElias"]
[WhiteElo "2150"]
[BlackElo "1434"]
[Mode "WEB"]
[Result "1-0"]

1. e4 d5 2. exd5 Qxd5 3. Nc3 Qa5 4. d4 Nf6 5. Nf3 Bg4 6. Bc4 Nc6 7. Bd2 O-O-O 8.
d5 Nxd5 9. Nxd5 Qc5 10. Ne3 Ne5 11. Be2 e6 12. Nxe5 Bxe2 13. Qxe2 Qxe5 14. Bc3
Qg5 15. O-O Bd6 16. a4 h5 17. Qf3 Qh4 18. g3 Qg5 19. h4 Qe7 20. a5 Rhg8 21. a6
g5 22. Bf6 Qf8 23. Qxb7+ Kd7 24. Qb5+ Kc8 25. hxg5 h4 26. Rfd1 hxg3 27. fxg3
Rxg5 28. Qxg5 {JamaliElias a abandonné} 1-0

[Event "Tournament 14472 - Europe Echecs"]
[Site "Europe Echecs"]
[Date "2020.07.10"]
[Round "1"]
[Time "14:05:03"]
[PlyCount "79"]
[White "EboueIhona"]
[Black "CandelotClemen"]
[WhiteElo "1429"]
[BlackElo "2089"]
[Mode "WEB"]
[Result "0-1"]

1. d4 d5 2. Bf4 Nf6 3. e3 e6 4. Nf3 c5 5. c3 Nc6 6. Nbd2 Bd6 7. Bg3 O-O 8. Bd3
b6 9. O-O Bxg3 10. hxg3 Bb7 11. Rc1 Qe7 12. Bb1 e5 13. dxe5 Nxe5 14. Nxe5 Qxe5
15. Nb3 Rad8 16. Qc2 Rfe8 17. Rfe1 Qh5 18. Qf5 Qxf5 19. Bxf5 g6 20. Bc2 Ne4 21.
a4 a5 22. Re2 Ba6 23. Ree1 f5 24. Rcd1 Bb7 25. Nd2 Nf6 26. Nb1 Kg7 27. Na3 Ng4
28. Nb5 Ne5 29. b3 Rd7 30. Rd2 Red8 31. Red1 Bc6 32. Bb1 Kf6 33. Ba2 Ke7 34. Kf1
Kf6 35. Ke2 Bxb5+ 36. axb5 Nf7 37. c4 d4 38. exd4 cxd4 39. Bb1 Ne5 {EboueIhona a perdu au temps} 0-1

[Event "Tournament 14472 - Europe Echecs"]
[Site "Europe Echecs"]
[Date "2020.07.10"]
[Round "1"]
[Time "14:05:03"]
[PlyCount "76"]
[White "RobertYoann"]
[Black "StajkovskiStef"]
[WhiteElo "2071"]
[BlackElo "1428"]
[Mode "WEB"]
[Result "1-0"]

1. d4 Nf6 2. Nf3 e6 3. c4 d5 4. Bg5 Be7 5. e3 O-O 6. cxd5 exd5 7. Nc3 c6 8. Bd3
Bg4 9. O-O Nbd7 10. Qc2 Bh5 11. Ne5 Bg6 12. Nxg6 hxg6 13. Rab1 Ne8 14. Bxe7 Qxe7
15. b4 b5 16. e4 dxe4 17. Nxe4 Rc8 18. Rfe1 Nb6 19. a3 Nf6 20. Qc5 Qxc5 21. dxc5
Nbd5 22. Nxf6+ Nxf6 23. Re7 Rfd8 24. Be2 a6 25. Ra7 Ra8 26. Rxa8 Rxa8 27. Bf3
Rc8 28. Rd1 Kf8 29. Rd6 Re8 30. g3 Nd5 31. Rxc6 Re1+ 32. Kg2 Nc3 33. Rxa6 Ra1
34. c6 Ke7 35. Ra7+ Kd8 36. Rxf7 Rxa3 37. c7+ Kc8 38. Bg4+ {StajkovskiStef a abandonné} 1-0

[Event "Tournament 14472 - Europe Echecs"]
[Site "Europe Echecs"]
[Date "2020.07.10"]
[Round "1"]
[Time "14:05:03"]
[PlyCount "141"]
[White "DevezeArmand"]
[Black "AdrianLeopold"]
[WhiteElo "1425"]
[BlackElo "2061"]
[Mode "WEB"]
[Result "0-1"]

1. d4 Nf6 2. Nf3 c5 3. e3 d5 4. b3 Nc6 5. Bb2 Bg4 6. Nbd2 e6 7. Bd3 Be7 8. O-O
O-O 9. Rc1 Rc8 10. c4 Re8 11. dxc5 Nb4 12. Bb1 Bxc5 13. a3 Na6 14. Qc2 Bf5 15.
Bxf6 Qxf6 16. e4 dxe4 17. Nxe4 Qg6 18. b4 Bf8 19. Nh4 Bxe4 20. Qxe4 Qxe4 21.
Bxe4 Rc7 22. Rfd1 Rec8 23. Bd3 Nb8 24. Nf3 Nd7 25. h3 Nb6 26. Ne5 f6 27. Nf3
Nxc4 28. Bxc4 Rxc4 29. Rxc4 Rxc4 30. Rd7 Rc1+ 31. Kh2 Ra1 32. Rxb7 Rxa3 33. Nd4
e5 34. Ne6 a6 35. Rb8 Kf7 36. Nxf8 Rb3 37. Nd7 a5 38. b5 Ke7 39. Nc5 Rc3 40. Na4
Ra3 41. Nc5 Kd6 42. Ne4+ Kd5 43. Nd2 Ra2 44. b6 Kc6 45. Nc4 Ra4 46. b7 Kc7 47.
Ra8 Kxb7 48. Nxa5+ Kxa8 49. Nc6 Kb7 50. Ne7 Kc7 51. Nf5 g6 52. Ne3 Kd6 53. g3
Ra2 54. Kg2 f5 55. Kf3 e4+ 56. Kg2 Ke5 57. Nc4+ Kd4 58. Ne3 Re2 59. Nf1 g5 60.
Nh2 Kd3 61. Kf1 Ra2 62. Kg2 e3 63. Nf3 Rxf2+ 64. Kg1 Rxf3 65. g4 fxg4 66. hxg4
Rg3+ 67. Kf1 Rxg4 68. Ke1 Rf4 69. Kd1 e2+ 70. Ke1 Rf1# {DevezeArmand est échec et mat} 0-1

[Event "Tournament 14472 - Europe Echecs"]
[Site "Europe Echecs"]
[Date "2020.07.10"]
[Round "1"]
[Time "14:05:03"]
[PlyCount "36"]
[White "CuttoliAlexand"]
[Black "DrieuHugo"]
[WhiteElo "2044"]
[BlackElo "1425"]
[Mode "WEB"]
[Result "1-0"]

1. d4 Nf6 2. Bf4 g6 3. Nc3 Bg7 4. e4 d6 5. Qd2 Nbd7 6. e5 dxe5 7. dxe5 Nh5 8. e6
fxe6 9. O-O-O O-O 10. Be3 Nhf6 11. Bc4 Kf7 12. Nf3 Qe8 13. Bxe6+ Kxe6 14. Ng5+
Kf5 15. Qd3+ Kg4 16. Qe2+ Kf5 17. Qf3+ Ke5 18. Qf4# {DrieuHugo est échec et mat} 1-0

[Event "Tournament 14472 - Europe Echecs"]
[Site "Europe Echecs"]
[Date "2020.07.10"]
[Round "1"]
[Time "14:05:03"]
[PlyCount "59"]
[White "MaufroyAlexand"]
[Black "SumarrivaPauliL"]
[WhiteElo "1424"]
[BlackElo "2023"]
[Mode "WEB"]
[Result "0-1"]

1. e4 e6 2. d4 d5 3. Nc3 Nf6 4. exd5 exd5 5. Bd3 Be7 6. Nf3 O-O 7. O-O Bg4 8.
Be3 Nc6 9. h3 Bh5 10. g4 Bg6 11. Bxg6 hxg6 12. Ne5 Bd6 13. g5 Nh5 14. Nxd5 Nxe5
15. dxe5 Bxe5 16. Nc3 Qe7 17. Nd5 Qe6 18. f4 Bd6 19. Qf3 c6 20. Nc3 Qf5 21. Rf2
Rfe8 22. Re1 Nxf4 23. Qg4 Nxh3+ 24. Qxh3 Qxh3 25. Rfe2 Bg3 26. Bf2 Qh2+ 27. Kf1
Qh1+ 28. Bg1 Qh3+ 29. Rg2 Rxe1# {MaufroyAlexand est échec et mat} 0-1

[Event "Tournament 14472 - Europe Echecs"]
[Site "Europe Echecs"]
[Date "2020.07.10"]
[Round "1"]
[Time "14:05:03"]
[PlyCount "118"]
[White "CavaillesEvan"]
[Black "PiquardYarosla"]
[WhiteElo "2018"]
[BlackElo "1415"]
[Mode "WEB"]
[Result "1-0"]

1. e4 c6 2. d4 d5 3. Nc3 dxe4 4. Nxe4 Bf5 5. Ng3 Bg6 6. h4 h6 7. Nf3 Nf6 8. h5
Bh7 9. Bd3 Bxd3 10. Qxd3 e6 11. Bd2 Nbd7 12. O-O-O Bd6 13. Ne4 Nxe4 14. Qxe4 Nf6
15. Qe2 Qb6 16. Kb1 Ba3 17. Bc1 Nd5 18. Ka1 Bd6 19. g3 a5 20. c4 Qa6 21. Rhe1
Nc7 22. Qc2 b5 23. d5 bxc4 24. dxe6 O-O-O 25. exf7 Rhf8 26. Qf5+ Kb7 27. Nd4 Bb4
28. Rh1 c3 29. Ne6 Nxe6 30. Qxe6 Rxd1 31. Rxd1 c2 32. Rd7+ Kb6 33. Be3+ Bc5 34.
Bxc5+ Kxc5 35. Qf5+ Kb6 36. Qxc2 Qf1+ 37. Rd1 Qb5 38. Qg6 Qe2 39. Rc1 Qf3 40.
Qxg7 Rxf7 41. Qxh6 Qd5 42. Qe3+ Ka6 43. Qe2+ Kb7 44. f4 Rg7 45. Qe3 Qxh5 46.
Qb3+ Kc7 47. Qc3 Rg6 48. Re1 Qb5 49. a3 Kb6 50. Qe3+ Ka6 51. Rc1 Rd6 52. g4 Qd5
53. Qe2+ Kb6 54. g5 Qf7 55. Qf2+ Kc7 56. f5 Kd8 57. f6 Kc7 58. Qa7+ Kd8 59. Qxf7 {PiquardYarosla a perdu au temps} 1-0

[Event "Tournament 14472 - Europe Echecs"]
[Site "Europe Echecs"]
[Date "2020.07.10"]
[Round "1"]
[Time "14:05:03"]
[PlyCount "93"]
[White "WuClara"]
[Black "ArhanTanguy"]
[WhiteElo "1403"]
[BlackElo "2016"]
[Mode "WEB"]
[Result "0-1"]

1. d4 Nf6 2. c4 g6 3. Nf3 Bg7 4. g3 O-O 5. Bg2 d6 6. O-O Nc6 7. Nbd2 e5 8. dxe5
dxe5 9. b3 e4 10. Ne1 e3 11. fxe3 Ng4 12. Ba3 Nxe3 13. Qc1 Nxf1 14. Bxf8 Qd4+
15. Kh1 Qxa1 16. Qxa1 Bxa1 17. Bh6 Nxd2 18. Bxd2 Be6 19. Nd3 Rd8 20. Bf4 Nd4 21.
e3 Ne2 22. Bf1 Nxf4 23. Nxf4 Rd1 24. Kg2 g5 25. Nxe6 fxe6 26. h3 Kg7 27. g4 Kf6
28. Be2 Rd2 29. Kf3 Ke5 30. Bf1 Rxa2 31. Be2 Bc3 32. Bd3 Be1 33. Be2 c5 34. e4
Rb2 35. Ke3 Rxb3+ 36. Bd3 Bf2+ 37. Kxf2 Rxd3 38. Ke2 Kxe4 39. Kf2 Rxh3 40. Kg2
Re3 41. Kf2 Kf4 42. Kg2 Re2+ 43. Kf1 Kf3 44. Kg1 Ra2 45. Kh1 Kg3 46. Kg1 Ra1# {WuClara est échec et mat} 0-1

[Event "Tournament 14472 - Europe Echecs"]
[Site "Europe Echecs"]
[Date "2020.07.10"]
[Round "1"]
[Time "14:05:03"]
[PlyCount "40"]
[White "LambachMaxime"]
[Black "EricAndrianaFi"]
[WhiteElo "1980"]
[BlackElo "1401"]
[Mode "WEB"]
[Result "1-0"]

1. e4 c6 2. d4 d5 3. exd5 cxd5 4. Bf4 Nf6 5. c3 e6 6. Nd2 Nc6 7. Bd3 Bd6 8. Bg3
O-O 9. Ngf3 Rb8 10. Ne5 Qc7 11. Qe2 a6 12. O-O b5 13. a3 Nd7 14. Ndf3 Na5 15.
Bxh7+ Kxh7 16. Ng5+ Kg8 17. Nxd7 f6 18. Nxf8 fxg5 19. Nxe6 Bxe6 20. Qxe6+ {EricAndrianaFi a perdu au temps} 1-0

[Event "Tournament 14472 - Europe Echecs"]
[Site "Europe Echecs"]
[Date "2020.07.10"]
[Round "1"]
[Time "14:05:03"]
[PlyCount "129"]
[White "TallecNolann"]
[Black "RebutPaul"]
[WhiteElo "1400"]
[BlackElo "1966"]
[Mode "WEB"]
[Result "0-1"]

1. d4 Nf6 2. Bf4 g6 3. e3 Bg7 4. Nf3 O-O 5. c4 d6 6. Be2 Nbd7 7. h3 Re8 8. O-O
e5 9. dxe5 dxe5 10. Nxe5 Nxe5 11. Qxd8 Rxd8 12. Bxe5 Be6 13. Bc3 Ne4 14. Bxg7
Kxg7 15. b3 Rd7 16. Bf3 Nc5 17. Nc3 c6 18. Rfd1 Rad8 19. Rxd7 Rxd7 20. Rd1 Rxd1+
21. Bxd1 Kf6 22. Kf1 a5 23. Ke2 a4 24. Kd2 axb3 25. axb3 g5 26. b4 Na6 27. Ne4+
Kg6 28. b5 Nb8 29. Bc2 f5 30. Nd6 Kf6 31. Kc3 b6 32. g3 Ke5 33. Ne8 c5 34. Ng7
Bc8 35. f3 f4 36. exf4+ gxf4 37. g4 Bb7 38. Nh5 Bxf3 39. Bxh7 Bg2 40. h4 f3 41.
Kd2 Nd7 42. g5 f2 43. Ng3 Kf4 44. Ne2+ Kf3 45. Bd3 f1=Q 46. Nd4+ cxd4 47. Bxf1
Bxf1 48. h5 Bxc4 49. h6 Nf8 50. g6 Nxg6 51. h7 Ke4 52. Kc2 d3+ 53. Kd2 Kd4 54.
h8=Q+ Nxh8 55. Kc1 Kc3 56. Kd1 Bb3+ 57. Ke1 d2+ 58. Kf2 d1=Q 59. Kg3 Qf1 60. Kg4
Kd4 61. Kg5 Ke5 62. Kh6 Qg2 63. Kh7 Kf6 64. Kxh8 Qg8# {TallecNolann est échec et mat} 0-1

[Event "Tournament 14472 - Europe Echecs"]
[Site "Europe Echecs"]
[Date "2020.07.10"]
[Round "1"]
[Time "14:05:03"]
[PlyCount "60"]
[White "BurgalatEliot"]
[Black "DevizaAndrei"]
[WhiteElo "1963"]
[BlackElo "1379"]
[Mode "WEB"]
[Result "1-0"]

1. Nf3 Nf6 2. d4 g6 3. c4 Bg7 4. g3 O-O 5. Bg2 d6 6. O-O Nbd7 7. Nc3 e5 8. e4
Re8 9. dxe5 Nxe5 10. Nxe5 dxe5 11. Bg5 h6 12. Qxd8 Rxd8 13. Bxf6 Bxf6 14. Nd5
Bg7 15. Rfd1 c6 16. Ne7+ Kf8 17. Rxd8+ Kxe7 18. Rad1 Be6 19. Rxa8 Bxc4 20. Rxa7
Ba6 21. Bf1 Bxf1 22. Rxb7+ Ke6 23. Kxf1 Bf8 24. Rdd7 f5 25. f3 fxe4 26. fxe4 g5
27. Rdc7 Kd6 28. Rf7 h5 29. b4 h4 30. Rf6# {DevizaAndrei est échec et mat} 1-0

[Event "Tournament 14472 - Europe Echecs"]
[Site "Europe Echecs"]
[Date "2020.07.10"]
[Round "1"]
[Time "14:05:03"]
[PlyCount "67"]
[White "SemenovMaxime"]
[Black "LecciaAntoine"]
[WhiteElo "1367"]
[BlackElo "1950"]
[Mode "WEB"]
[Result "0-1"]

1. d4 d5 2. c4 dxc4 3. Nf3 Nf6 4. Nc3 c5 5. e3 cxd4 6. exd4 e6 7. Bxc4 Be7 8.
O-O O-O 9. Bg5 a6 10. Ne5 Nbd7 11. Rc1 h6 12. Bh4 Nb6 13. Bd3 Nbd5 14. Bb1 Nxc3
15. bxc3 Nd5 16. Bxe7 Nxe7 17. c4 Bd7 18. Be4 Bc6 19. Nxc6 bxc6 20. Qd3 g6 21.
Rfd1 Qd6 22. d5 cxd5 23. cxd5 exd5 24. Bxd5 Nxd5 25. Qxd5 Qf6 26. Rc6 Qe7 27.
Qd3 Rad8 28. Rd6 Rxd6 29. Qxd6 Qe2 30. Qd2 Qe6 31. Qxh6 Qxa2 32. Qd2 Qe6 33. Qa2
Qxa2 {SemenovMaxime a abandonné} 0-1

[Event "Tournament 14472 - Europe Echecs"]
[Site "Europe Echecs"]
[Date "2020.07.10"]
[Round "1"]
[Time "14:05:03"]
[PlyCount "106"]
[White "BabaudAntoine"]
[Black "BelGirardotCha"]
[WhiteElo "1943"]
[BlackElo "1361"]
[Mode "WEB"]
[Result "1-0"]

1. d4 d5 2. c4 e6 3. Nc3 Nf6 4. Nf3 Be7 5. Bf4 O-O 6. e3 Nbd7 7. Bd3 dxc4 8.
Bxc4 c5 9. O-O cxd4 10. exd4 Nb6 11. Bb3 Nbd5 12. Bg3 Nxc3 13. bxc3 Bd6 14. Rc1
Bxg3 15. hxg3 Bd7 16. Ne5 Rc8 17. Qd3 a6 18. Rfe1 Bb5 19. Qf3 Bc6 20. Qd3 Bd5
21. c4 Bc6 22. Rcd1 Qe7 23. g4 Rfd8 24. Bc2 g6 25. Bb3 Nd7 26. Nxc6 bxc6 27. Qe3
Qh4 28. f3 Nf6 29. Qf2 Qxf2+ 30. Kxf2 Kf8 31. Ke3 Ke7 32. Kf4 c5 33. d5 h6 34.
dxe6 fxe6 35. Bc2 g5+ 36. Ke3 Rxd1 37. Rxd1 Rd8 38. Rb1 Nd7 39. Rb7 Rb8 40. Ra7
Kd6 41. Rxa6+ Ke5 42. Bb3 Nf6 43. Rc6 Nd7 44. g3 Rf8 45. f4+ gxf4+ 46. gxf4+ Kf6
47. f5 Re8 48. Kf4 Kf7 49. Rc7 Re7 50. Ba4 Nf8 51. Rxc5 e5+ 52. Rxe5 Rxe5 53.
Kxe5 {BelGirardotCha a abandonné} 1-0

[Event "Tournament 14472 - Europe Echecs"]
[Site "Europe Echecs"]
[Date "2020.07.10"]
[Round "1"]
[Time "14:05:03"]
[PlyCount "115"]
[White "ChevillonManon"]
[Black "HasslerTim"]
[WhiteElo "1356"]
[BlackElo "1933"]
[Mode "WEB"]
[Result "0-1"]

1. e4 e6 2. d4 d5 3. Nd2 c5 4. c3 Nc6 5. Ne2 cxd4 6. cxd4 Bb4 7. e5 f6 8. exf6
Qxf6 9. a3 Bd6 10. Nf3 h6 11. Be3 Nge7 12. Nc3 a6 13. Be2 Nf5 14. Qd2 Na5 15.
Qc2 Bd7 16. O-O b5 17. b4 Nc6 18. Qd2 O-O 19. Rac1 Bc7 20. Rfd1 Bb6 21. h3 Rac8
22. Bf1 Kh8 23. Ne2 Nd6 24. Rc2 Nc4 25. Qc1 a5 26. bxa5 N6xa5 27. Nc3 Ra8 28.
Bxc4 Nxc4 29. Ra2 Rfc8 30. Rd3 b4 31. axb4 Rxa2 32. Nxa2 Bb5 33. Qd1 Nb2 34. Qb1
Nxd3 35. Qd1 Qe7 36. Ne5 Nxe5 37. dxe5 Bxe3 38. fxe3 Qa7 39. Qd2 Qa4 40. Kh2 Rc2
41. Nc3 Rxd2 42. Nxa4 Bxa4 43. Kg3 Rb2 44. Kf3 Rxb4 45. g4 Kh7 46. Ke2 Rb2+ 47.
Kf3 Bd1+ 48. Kf4 Kg6 49. h4 Rb4+ 50. Kg3 Rxg4+ 51. Kf2 Kf5 52. h5 Ke4 53. Ke1
Kd3 54. e4 dxe4 55. Kf2 Bf3 56. Kf1 e3 57. Ke1 Rg1# {ChevillonManon est échec et mat} 0-1

[Event "Tournament 14472 - Europe Echecs"]
[Site "Europe Echecs"]
[Date "2020.07.10"]
[Round "1"]
[Time "14:05:03"]
[PlyCount "57"]
[White "EstinCharbonne"]
[Black "MartinezMartin"]
[WhiteElo "1343"]
[BlackElo "1917"]
[Mode "WEB"]
[Result "0-1"]

1. e4 c5 2. Nc3 d6 3. Bb5+ Bd7 4. Bc4 Nf6 5. d3 g6 6. f4 Bg7 7. Nf3 O-O 8. O-O
Bg4 9. Qe1 Nc6 10. Be3 e6 11. h3 Bxf3 12. Rxf3 d5 13. Bxc5 dxc4 14. Bxf8 Bxf8
15. Rd1 cxd3 16. Rfxd3 Qb6+ 17. Kh1 Bb4 18. Qh4 Bxc3 19. Rxc3 Nxe4 20. Rb3 Nf2+
21. Kh2 Nxd1 22. Rxb6 axb6 23. b3 Nc3 24. Qf2 b5 25. Qc5 b4 26. Qb6 Ra7 27. Qc5
Nd5 28. Qb5 Nxf4 {EstinCharbonne a perdu au temps} 0-1

[Event "Tournament 14472 - Europe Echecs"]
[Site "Europe Echecs"]
[Date "2020.07.10"]
[Round "1"]
[Time "14:05:03"]
[PlyCount "150"]
[White "LecciaThomas"]
[Black "YaylaEmre"]
[WhiteElo "1893"]
[BlackElo "1336"]
[Mode "WEB"]
[Result "1-0"]

1. e4 e5 2. Nf3 Nc6 3. d4 exd4 4. Bc4 d6 5. Nxd4 Nxd4 6. Qxd4 Nf6 7. O-O Be6 8.
Nc3 c5 9. Bb5+ Bd7 10. Qa4 Be7 11. Bf4 O-O 12. Rad1 a6 13. Bxd7 Nxd7 14. e5 b5
15. Qe4 dxe5 16. Bxe5 Qc8 17. Bxg7 Kxg7 18. Qg4+ Kh8 19. Qxd7 Qxd7 20. Rxd7 Bf6
21. Rd3 c4 22. Rf3 Bg7 23. b3 b4 24. Nd5 cxb3 25. cxb3 a5 26. g3 Rad8 27. Ne3
Rd2 28. Nc4 Rxa2 29. Rf5 a4 30. bxa4 Rxa4 31. Rb1 b3 32. Ne5 Bxe5 33. Rxe5 Rb8
34. Kf1 b2 35. Ree1 Ra5 36. Red1 Rh5 37. h4 Rc5 38. Kg2 f5 39. Rd2 Rcb5 40. Kf3
Rb4 41. Ke3 Rb3+ 42. Rd3 R3b4 43. Kd2 Rc8 44. Rc3 Re8 45. Rc2 Reb8 46. Kc3 Rb3+
47. Kd2 Kg7 48. Rc5 Rf3 49. Ke2 Ra3 50. Rc2 Rab3 51. Rd2 Kg6 52. f3 Re8+ 53. Kf2
Reb8 54. g4 fxg4 55. fxg4 Rf8+ 56. Kg2 Rf4 57. Rbxb2 Rxb2 58. Rxb2 Rxg4+ 59. Kh3
Kf5 60. Rb5+ Kf4 61. Rb4+ Kf5 62. Rxg4 h5 63. Rg5+ Kf4 64. Rxh5 Ke4 65. Rh8 Kd4
66. Rg8 Ke5 67. h5 Kf6 68. h6 Kf7 69. Rg1 Ke6 70. h7 Kd6 71. h8=Q Kc6 72. Qe8+
Kb6 73. Rc1 Ka5 74. Qb8 Ka6 75. Ra1# {YaylaEmre est échec et mat} 1-0

[Event "Tournament 14472 - Europe Echecs"]
[Site "Europe Echecs"]
[Date "2020.07.10"]
[Round "1"]
[Time "14:05:03"]
[PlyCount "73"]
[White "CatherinotMarg"]
[Black "EvrinSelvam"]
[WhiteElo "1327"]
[BlackElo "1882"]
[Mode "WEB"]
[Result "0-1"]

1. e4 c5 2. c3 Nf6 3. e5 Nd5 4. d4 cxd4 5. cxd4 Nc6 6. Nf3 d6 7. exd6 Qxd6 8.
Nc3 Bg4 9. Be2 e6 10. O-O Be7 11. h3 Bh5 12. Ne4 Qd8 13. Be3 O-O 14. Ng3 Bg6 15.
Rc1 Bf6 16. Qd2 Qd6 17. Rfd1 Nxe3 18. Qxe3 Rfd8 19. Rc4 Qd5 20. b3 Qa5 21. Rd2
Rd5 22. Ra4 Qb6 23. Bd1 Rad8 24. Ne2 Bh5 25. Nc3 R5d7 26. Ne2 Bxf3 27. Qxf3 Nxd4
28. Nxd4 Rxd4 29. Raxd4 Rxd4 30. Rxd4 Qxd4 31. Be2 Be5 32. g3 g6 33. Qxb7 Bxg3
34. Qc8+ Kg7 35. Qc2 Qxf2+ 36. Kh1 Qh2# {CatherinotMarg est échec et mat} 0-1

[Event "Tournament 14472 - Europe Echecs"]
[Site "Europe Echecs"]
[Date "2020.07.10"]
[Round "1"]
[Time "14:05:03"]
[PlyCount "121"]
[White "ValleeLouis"]
[Black "RazeMorvan"]
[WhiteElo "1864"]
[BlackElo "1326"]
[Mode "WEB"]
[Result "1/2-1/2"]

1. d4 d5 2. c4 Nf6 3. cxd5 Nxd5 4. Nf3 g6 5. e4 Nb6 6. Nc3 Bg7 7. Bd3 O-O 8. Be3
Bg4 9. d5 c6 10. dxc6 Nxc6 11. O-O Nb4 12. Be2 Qxd1 13. Raxd1 Rad8 14. h3 Be6
15. a3 Nc6 16. Rc1 Nd4 17. Nxd4 Bxd4 18. Bh6 Bg7 19. Bxg7 Kxg7 20. Rfd1 Nc4 21.
Rxd8 Rxd8 22. b4 Nxa3 23. Ra1 Nc2 24. Rxa7 Nxb4 25. Rxb7 Nc6 26. Rc7 Rc8 27. Rb7
Nd4 28. Rxe7 Rxc3 29. Bg4 Bxg4 30. hxg4 Ne6 31. f3 Rc2 32. Rd7 Nf4 33. g3 Ne6
34. Kf1 Ng5 35. Rd3 Ne6 36. Rd7 Ra2 37. Kg1 Nc5 38. Rd5 Ne6 39. Rd7 Ng5 40. Rd3
Nh3+ 41. Kf1 Rf2+ 42. Ke1 Rg2 43. f4 Nxf4 44. gxf4 Rxg4 45. Rf3 h5 46. Kf2 h4
47. e5 Kh6 48. f5 gxf5 49. Rxf5 Kg6 50. Rf6+ Kg7 51. Rf5 Re4 52. Kf3 Ra4 53. Rf6
Rb4 54. Rf5 Rc4 55. Rf6 Ra4 56. Rf5 Rb4 57. Rf6 Rc4 58. Rf5 Rb4 59. Rf6 Rc4 60.
Rf5 Rb4 {Nulle par répétition} 1/2-1/2

[Event "Tournament 14472 - Europe Echecs"]
[Site "Europe Echecs"]
[Date "2020.07.10"]
[Round "1"]
[Time "14:05:03"]
[PlyCount "87"]
[White "DelmasRaphael"]
[Black "courjalpauline"]
[WhiteElo "1325"]
[BlackElo "1848"]
[Mode "WEB"]
[Result "0-1"]

1. e4 e6 2. d4 d5 3. e5 c5 4. c3 Nc6 5. Nf3 Bd7 6. Bd3 cxd4 7. cxd4 Qb6 8. Bc2
Nb4 9. O-O Nxc2 10. Qxc2 Ne7 11. b3 Rc8 12. Nc3 Nf5 13. Rd1 Bb4 14. Bb2 O-O 15.
Rac1 Rc7 16. Qd2 Rfc8 17. Rc2 Qa5 18. Rdc1 h6 19. h3 a6 20. g4 Ne7 21. Ne1 Nc6
22. f4 Na7 23. Qe3 Nc6 24. Nf3 Na7 25. Ne1 Nb5 26. Nxb5 Bxb5 27. Rxc7 Rxc7 28.
Rxc7 Qxc7 29. Kf2 Qa5 30. a4 Bd7 31. Nc2 Be7 32. Ke2 b5 33. axb5 Bxb5+ 34. Kf3
Qa2 35. Qc3 Qb1 36. Ne1 Qd1+ 37. Kg2 Qe2+ 38. Kg3 Bh4+ 39. Kxh4 Qf2+ 40. Qg3 g5+
41. fxg5 hxg5+ 42. Kxg5 Qxg3 43. Nc2 Qf2 {DelmasRaphael a abandonné} 0-1

[Event "Tournament 14472 - Europe Echecs"]
[Site "Europe Echecs"]
[Date "2020.07.10"]
[Round "1"]
[Time "14:05:03"]
[PlyCount "112"]
[White "AlaimeMaxime"]
[Black "ClemenconEllio"]
[WhiteElo "1834"]
[BlackElo "1324"]
[Mode "WEB"]
[Result "1-0"]

1. e4 Nf6 2. e5 Nd5 3. d4 d6 4. Bc4 Nb6 5. Bb3 dxe5 6. Qh5 e6 7. dxe5 Nc6 8. Nf3
Bc5 9. O-O g6 10. Qg4 h5 11. Qg3 h4 12. Qg4 Be7 13. Nc3 Nd7 14. Rd1 b6 15. Ba4
Bb7 16. Bf4 Rg8 17. Rd2 g5 18. Rad1 Kf8 19. Rxd7 Qxd7 20. Rxd7 gxf4 21. Qxf4 Rg7
22. Rxc7 Na5 23. Qh6 Bxf3 24. Rxe7 Bxg2 25. Qxg7+ Kxg7 26. Kxg2 a6 27. Rc7 b5
28. Bb3 Rb8 29. Bxe6 Rf8 30. b4 Nc6 31. Rxc6 fxe6 32. Rxe6 Rf4 33. Rxa6 Rxb4 34.
Rb6 Rb2 35. Rxb5 Rxc2 36. Ne4 Rxa2 37. Rb6 Ra3 38. f3 Ra2+ 39. Kh3 Ra3 40. Kxh4
Rxf3 41. Kg4 Re3 42. Kf4 Re2 43. h3 Rh2 44. Ng5 Rf2+ 45. Kg4 Re2 46. e6 Kf6 47.
h4 Re1 48. Rb7 Rg1+ 49. Kh5 Re1 50. Rf7+ Ke5 51. e7 Kd6 52. Kg6 Rg1 53. e8=Q Kc5
54. Rc7+ Kb4 55. Qb8+ Ka3 56. Ra7# {ClemenconEllio est échec et mat} 1-0

[Event "Tournament 14472 - Europe Echecs"]
[Site "Europe Echecs"]
[Date "2020.07.10"]
[Round "1"]
[Time "14:05:03"]
[PlyCount "78"]
[White "BrunPierre"]
[Black "CourcelleVicto"]
[WhiteElo "1803"]
[BlackElo "1314"]
[Mode "WEB"]
[Result "1-0"]

1. d4 Nf6 2. c4 g6 3. Nc3 Bg7 4. e4 O-O 5. Nf3 d6 6. Be2 Re8 7. O-O Bg4 8. h3
Bxf3 9. Bxf3 e5 10. Be3 Nbd7 11. d5 a5 12. a3 Nc5 13. b4 axb4 14. axb4 Rxa1 15.
Qxa1 Nd3 16. Qb1 Nf4 17. Kh2 Bh8 18. g3 N4h5 19. c5 c6 20. Bg5 b5 21. Bxh5 gxh5
22. dxc6 Ng4+ 23. hxg4 Qxg5 24. cxd6 Qf6 25. d7 Qxc6 26. dxe8=Q+ Qxe8 27. gxh5
f5 28. Qd1 f4 29. Qg4+ Bg7 30. h6 Qf7 31. Qxg7+ Qxg7 32. hxg7 Kxg7 33. gxf4 exf4
34. f3 Kf6 35. Nd5+ Ke5 36. Rd1 h5 37. Kh3 Ke6 38. Nxf4+ Ke5 39. Nxh5 {CourcelleVicto a abandonné} 1-0

[Event "Tournament 14472 - Europe Echecs"]
[Site "Europe Echecs"]
[Date "2020.07.10"]
[Round "1"]
[Time "14:05:03"]
[PlyCount "103"]
[White "CheminadePauli"]
[Black "CarlierBromber"]
[WhiteElo "1306"]
[BlackElo "1790"]
[Mode "WEB"]
[Result "0-1"]

1. e4 e5 2. Nf3 Nc6 3. Bc4 Bc5 4. d3 d6 5. a3 Bg4 6. h3 Be6 7. Ba2 h6 8. Nc3 Nf6
9. Na4 Bb6 10. Nxb6 axb6 11. O-O g5 12. Be3 Qd7 13. Bxe6 Qxe6 14. d4 exd4 15.
Nxd4 Qxe4 16. Re1 O-O-O 17. Nxc6 Qxc6 18. Qd3 Qd7 19. Qc3 Nd5 20. Qd4 Nxe3 21.
Rxe3 Rhe8 22. Rae1 Rxe3 23. Rxe3 Re8 24. Rxe8+ Qxe8 25. Qf6 Qe1+ 26. Kh2 Qe5+
27. Qxe5 dxe5 28. Kg3 Kd7 29. Kg4 Ke6 30. h4 Kf6 31. Kh5 Kg7 32. hxg5 hxg5 33.
Kxg5 f6+ 34. Kf5 Kf7 35. f4 exf4 36. Kxf4 Ke6 37. Ke4 f5+ 38. Kd4 c6 39. b3 Kd6
40. c3 b5 41. b4 b6 42. c4 c5+ 43. bxc5+ bxc5+ 44. Kd3 b4 45. a4 Kc6 46. Ke3 Kb6
47. Kf4 b3 48. Kxf5 b2 49. g4 b1=Q+ 50. Kf6 Qf1+ 51. Kg5 Ka5 {CheminadePauli a abandonné} 0-1

[Event "Tournament 14472 - Europe Echecs"]
[Site "Europe Echecs"]
[Date "2020.07.10"]
[Round "1"]
[Time "14:05:03"]
[PlyCount "60"]
[White "LordierSophia"]
[Black "ElsadigBashirH"]
[WhiteElo "1776"]
[BlackElo "1298"]
[Mode "WEB"]
[Result "1-0"]

1. d4 Nf6 2. c4 e6 3. Nf3 d5 4. g3 Be7 5. Bg2 dxc4 6. Qc2 Nbd7 7. Qxc4 a6 8. Qc2
O-O 9. O-O c5 10. dxc5 Bxc5 11. Rd1 Qe7 12. e4 e5 13. Nh4 b5 14. Nf5 Qe6 15. a3
Rd8 16. Bg5 Bb7 17. Nc3 Bf8 18. Rac1 h6 19. Bxf6 Nxf6 20. Ne3 Rac8 21. Qe2 b4
22. axb4 Bxb4 23. Ned5 Bxc3 24. Nxc3 Rd4 25. Qf1 Nxe4 26. Rxd4 exd4 27. Nxe4
Bxe4 28. Rxc8+ Qxc8 29. Bxe4 Qb7 30. Bxb7 {ElsadigBashirH a abandonné} 1-0